000 00453nam a2200169Ia 4500
003 LK-CoDNM
008 010623t2001 xxu||||| |||| 00| 1 sin d
040 _aLK-CoDNM
_dLK-CoDNM
_eLK-CoDNM
041 _asin
080 _a07
_bDEM
100 _aDe Mel,Sundara Nihathamani.
245 _aමානිගෙ තීරුව
246 _aMaanige Theeruwa
260 _bSuratha Publications
_aMoratuwa
_c2001
300 _bvii,216p., 21 cm
942 _cBK
999 _c121397
_d121397